Ngày hội quả bí

Đã lưu trong:
Chi tiết về thư mục
Tác giả chính: Christie, Agatha
Định dạng: Sách
Ngôn ngữ:Vietnamese
Được phát hành: Hội nhà văn 2000
Các nhãn: Thêm thẻ
Không có thẻ, Là người đầu tiên thẻ bản ghi này!
Thư viện lưu trữ: Mạng thư viện Đại học Đà Nẵng
LEADER 00633nam a2200253 4500
001 000022412
003 18860
005 20150506080548.0
008 150506s2000 viesd
020 |c 22000 
041 0 |a vie 
082 1 4 |a 823,087  |b CH-A 
100 1 |a Christie, Agatha 
245 1 0 |a Ngày hội quả bí  |c Agatha Christie ; Dương Linh dịch 
260 |b Hội nhà văn  |c 2000 
300 |a tr.  |c cm. 
OWN |a LSP 
999 |a From the UDN01 
TYP |a Monograph 
TYP |a Printed language 
980 |a Mạng thư viện Đại học Đà Nẵng